000 01436nam a2200349 i 4500
001 200429341
999 _c200429341
_d47265
003 TR-AnTOB
005 20240829130942.0
007 ta
008 180403s2013 tu 001 0 tur d
020 _a9789757100221
040 _aTR-AnTOB
_beng
_erda
_cTR-AnTOB
041 0 _atur
050 0 _aKKX3800
_b.H345 2013
090 0 _aKKX3800
_b.H345k 2013
100 1 _aHafızoğulları, Zeki
_4author
_9106158
245 1 0 _aTürk ceza hukuku özel hükümler :
_bkişilere karşı suçlar /
_cZeki Hafızoğulları, Muharrem Özen.
250 _ayenilenmiş ve genişletilmiş 3. baskı
264 1 _aAnkara :
_bUS-A yayıncılık,
_c2013.
300 _a440 pages ;
_c25 cm.
336 _atext
_btxt
_2rdacontent
337 _aunmediated
_bn
_2rdamedia
338 _avolume
_bnc
_2rdacarrier
504 _aIncludes bibliographical references and index.
505 _aÖzel hükümlere giriş -- Kişilere karşı suçlar -- Hayata ve vücut bütünlüğüne karşı suçlar -- Cinsel dokunulmazlığa ve Hürriyete karşı suçlar -- Şerefe karşı suçlar -- Özel hayata ve hayatın gizli alanına karşı suçlar -- Malvarlığına karşı suçlar
650 0 _aCriminal law
_zTurkey
_939535
650 7 _aCeza hukuku
_zTürkiye
_2etuturkob
_948989
700 1 _aÖzen, Muharrem,
_d1964-
_eauthor
_9121502
700 1 _aHafızoğulları, Zeki
_eauthor
_9106158
942 _2lcc
_cBK